Zhodnotenie finančno-ekonomickej situácie podniku bakalárska práca

Gespeichert in:
Bibliographische Detailangaben
1. Verfasser: Hamariková, Timea
Körperschaft: Podnikovohospodárska fakulta EU so sídlom v Košiciach. Katedra finančného riadenia podniku
Weitere Verfasser: Ivaničková, Mariana, 1977-
Format: Buch
Sprache:Slowakisch
Veröffentlicht: Košice 2024
Tags: Tag hinzufügen
Keine Tags, Fügen Sie das erste Tag hinzu!

MARC

LEADER 00000nbm a2200000 4500
001 0301483
005 20250227091910.5
041 0 |a slo 
044 |a SK 
245 1 0 |a Zhodnotenie finančno-ekonomickej situácie podniku  |b bakalárska práca  |c Timea Hamariková ; školiteľ: Mariana Ivaničková 
264 1 |a Košice  |c 2024 
300 |a 56 s. 
100 1 |a Hamariková, Timea 
700 1 |a Ivaničková, Mariana, 1977- 
710 2 |a Podnikovohospodárska fakulta EU so sídlom v Košiciach. Katedra finančného riadenia podniku